| 000 | 00753nam a2200241 i 4500 | ||
|---|---|---|---|
| 001 | 71506 | ||
| 003 | ES-MaACL | ||
| 005 | 20230906171141.0 | ||
| 007 | t| | ||
| 008 | 040812s1984 sp ||||1| spa d | ||
| 020 | _a84-205-1010-6 | ||
| 245 | 0 | 3 |
_aLa Genética, ayer y hoy _b: en el centenario de Mendel / _ccoordinador, J.R. Lacadena ; [autores,] J.A. Abrisqueta...[et al.]. |
| 250 | _a[1ª ed.]. | ||
| 260 |
_aMadrid : _bAlhambra, _c1984. |
||
| 300 |
_aX, 564 p. : _bil. ; _c20 cm. |
||
| 490 | 1 |
_aExedra ; _v150 |
|
| 504 | _aBibliografía. | ||
| 700 | 1 |
_aLacadena, Juan-Ramón. _969314 |
|
| 700 | 1 |
_aAbrisqueta, José Antonio, _918176 |
|
| 830 | 0 |
_aExedra ; _v150 _9177436 |
|
| 852 |
_aES-MaACL _jL-10683 _bR.111691 |
||
| 999 |
_c71506 _d71506 |
||